000 00394nam a2200145Ia 4500
008 210210b1979 xxu||||| |||| 00| 0 eng d
082 _a820.33 CHAF
100 _aCHAUDHURY (P C Roy).
245 _aFolk tales of Rajasthan.
260 _aN D
_bSterling Publishers Pvt Ltd.,
_c1979
300 _a120
650 _aFolk Tales of Rajasthan
690 _aIndian English Fiction
906 _a034742
999 _c85443
_d85443